QoS based medium access switching protocol for heterogeneous mobile ad hoc networks and interfaces (Record no. 187601)

000 -LEADER
fixed length control field 00692 a2200181 4500
003 - CONTROL NUMBER IDENTIFIER
control field Nust
005 - DATE AND TIME OF LATEST TRANSACTION
control field 20170207153518.0
040 ## - CATALOGING SOURCE
Transcribing agency Nust
082 ## - DEWEY DECIMAL CLASSIFICATION NUMBER
Classification number 005.1
100 ## - MAIN ENTRY--PERSONAL NAME
Personal name Zia, Muhammad Tassadaque (MSCS-13)
245 ## - TITLE STATEMENT
Title QoS based medium access switching protocol for heterogeneous mobile ad hoc networks and interfaces
Statement of responsibility, etc. Muhammad Tassadaque Zia
260 ## - PUBLICATION, DISTRIBUTION, ETC.
Name of publisher, distributor, etc. MCS,NUST
Date of publication, distribution, etc. March 2010
Place of publication, distribution, etc. Rawalpindi
300 ## - PHYSICAL DESCRIPTION
Extent x, 43, p;
505 ## - FORMATTED CONTENTS NOTE
Formatted contents note Introduction (page-1) Background and related work (page-4) Methodology (page-14) Experimental setup (page-25) Tests and results (page-31) Conclusions and future work (page-38)
538 ## - SYSTEM DETAILS NOTE
System details note Almirah No 69 Shelf No 4
650 ## - SUBJECT ADDED ENTRY--TOPICAL TERM
Topical term or geographic name entry element PG Thesis
651 ## - SUBJECT ADDED ENTRY--GEOGRAPHIC NAME
Geographic name MSCS-13
942 ## - ADDED ENTRY ELEMENTS (KOHA)
Koha item type
Holdings
Withdrawn status Lost status Source of classification or shelving scheme Damaged status Not for loan Collection code Permanent Location Current Location Date acquired Total Checkouts Full call number Barcode Date last seen Price effective from Koha item type
            Military College of Signals (MCS) Military College of Signals (MCS) 12/12/2016   005.1 ZIA MCSTCS-117 12/08/2016 12/12/2016 Book
            Military College of Signals (MCS) Military College of Signals (MCS) 12/12/2016   005.1 ZIA MCSTCS-280 12/08/2016 12/12/2016 Book
            Military College of Signals (MCS) Military College of Signals (MCS) 12/12/2016   005.1 ZIA MCSTCS-283 12/08/2016 12/12/2016 Book
© 2023 Central Library, National University of Sciences and Technology. All Rights Reserved.